| 000 | 00959nam a2200241 a 4500 | ||
|---|---|---|---|
| 008 | 120416s1997 ||||||||||||||||| || u | ||
| 020 | _a0521629322 | ||
| 050 | _aQC 981.8.G56 Hou | ||
| 100 | _aHoughton, John Theodore | ||
| 245 | 1 | 0 | _aGlobal warming : the complete briefing |
| 250 | _a2nd ed. | ||
| 260 |
_aCambridge _bCambridge University Press _c1997 |
||
| 300 | _axv, 251 p. : ill. | ||
| 350 | _a0.00 | ||
| 500 | _aIncludes bibliographical references and index. | ||
| 650 | _aCLIMATE CHANGE--COMESA | ||
| 650 | 0 | _aGLOBALIZATION | |
| 650 | 0 | _aGLOBAL WARMING | |
| 856 | _uhttp://www.loc.gov/catdir/toc/cam021/97016353.html | ||
| 856 | _uhttp://www.loc.gov/catdir/samples/cam031/97016353.html | ||
| 856 | _uhttp://www.loc.gov/catdir/description/cam028/97016353.html | ||
| 995 |
_D0.00 _FCBU-MAIN LIBRARY (Kitwe) _H1 _I0.00 _M1 _UAVAILABLE _WMay 19, 2006 _ZMain Library Open Access Collection |
||
| 999 |
_c44720 _d44720 |
||